La orientación vocacional como proceso: teoría, técnica y práctica

Uloženo v:
Podrobná bibliografie
Hlavní autor: López Bonelli, Angela R. (autora)
Médium: Kniha
Jazyk:španělština
Vydáno: Buenos Aires Bonum 2003
Vydání:1a. ed
Témata:
Tagy: Přidat tag
Žádné tagy, Buďte první, kdo vytvoří štítek k tomuto záznamu!

MARC

LEADER 00000nam a2200000 a 4500
001 UCK0608
003 CL-VaPUC
008 041015e20030000AG |||||||||||||||||spa|d
020 |a 950507672X 
082 0 4 |a 371.425  |b LOP  |2 21 
100 |a López Bonelli, Angela R.  |e autora  |9 590713 
245 1 3 |a La orientación vocacional como proceso: teoría, técnica y práctica 
250 |a 1a. ed 
300 |a 301 p 
942 |c BK 
945 |d 20041015 00:00:00  |a cmena 
260 |a Buenos Aires  |b Bonum  |c 2003 
650 0 |a Orientación vocacional  |9 255692 
650 0 |a Rol del docente  |9 329733 
650 0 |a Psicología educacional   |9 307830 
583 |a last modification  |c 20041015 00:00:00  |k Rodrigo Vera 
999 |c 310976  |d 310974 
952 |0 0  |1 0  |4 0  |6 371_425000000000000_LOP_2003  |7 0  |8 A  |9 380082  |a BIBEDU  |b BIBEDU  |d 2019-11-21  |i 4070674  |o 371.425 LOP 2003  |p 4070674  |r 2019-11-21  |w 2019-11-21  |y BK  |k EBA